| 000 | 00733nam a22001577a 4500 | ||
|---|---|---|---|
| 008 | 090726t xxu||||| |||| 00| 0 eng d | ||
| 082 |
_222 _a320.5 _bف و ك |
||
| 100 | 1 |
_98113 _aفوكوياما ، فرانسيس |
|
| 245 | 1 | 0 |
_aنهاية التاريخ _cفرانسيس فوكوياما |
| 260 |
_aبيروت: _bدار العلوم العربية للطباعة والنشر، _c200- |
||
| 300 |
_a280ص ؛ _c24 سم |
||
| 650 |
_98115 _aتوازن القوى |
||
| 700 |
_98116 _a ترجمة وتعليق الشيخ ، حسين |
||
| 942 |
_2ddc _cBB |
||
| 999 |
_c12407 _d12407 |
||